000 00252nam a2200097Ia 4500
001 1229254
005 20250827093057.0
008 250824s9999 xx 000 0 und d
245 0 _aBÜYÜCÜLER KRALI
_cWILBUR SMITH
260 _bALTIN KİTAPLAR YAYINLARI
999 _c1229254
_d1229254